000
00214nam a2200097Ia 4500
005
20251222114354.0
008
251222s1900||||xx |||||||||||||| ||spa||
082
_a
DVD0070/D95G/2001
245
0
_a
Gertrud:
942
_c
DVD
999
_c
1349
_d
1349